000 00683nam a22002177a 4500
003 SISC
005 20190620134242.0
008 130905t xxu||||| |||| 00| 0 eng d
020 _a089061508
050 _aLB 1050.46
_b.Sp736 1989
082 _aHS 372.41
_bT48s 1989
100 _aSpargo, Edward,
_916560
245 _aTimed readings :
_bfifty 400-word passages with questions for building reading speed/
_cEdward Spargo
260 _aRhode Island :
_bJamestown Pub,
_cc1989.
300 _a120 p. :
_c24 cm.
650 _a Reading comprehension
_xProblems, exercises, etc.
_916561
650 _aSpeed reading.
_9489
942 _2lcc
_cBK
999 _c10374
_d10374